000
00324nam a2200145Ia 4500
100
_a
Syllabus
650
_a
Automobiles
942
_c
BK
654
_a
Syllabus
245
_a
Syllabus For IInd Year Diploma in Computer Engg.From 2002
260
_b
Bhavik Book Centre
300
_a
72
546
_a
ENGLISH
999
_c
28913
_d
28913